000 00625nam a2200157 a 4500
008 140206s1978 ||||||||||||||||| || u
020 _a0444851437
050 _aT 57.5 Hic
100 _aHice, G.F
245 1 0 _aSystem development methodology
_cby G.F. Hice, W.S. Turner [and] Cashwell L.F.
260 _aAmsterdam:
_bNorth-Holland Publishing Co
_c1978
300 _aix, 449p.: ill.
650 _aMANAGEMENT INFORMATION SYSTEMS
650 0 _aELECTRONIC DATA PROCESSING
995 _FCBU-MAIN LIBRARY (Kitwe)
_M1
_UAVAILABLE
_WMar 11, 2014
_ZAnnex Low-Usage Collection
999 _c59304
_d59304